000 00184nam a2200109Ia 4500
100 _a#N/A
942 _cBK
245 _agame demo
260 _b#N/A
546 _aENGLISH
999 _c29036
_d29036